000 01236nam0a2200289 4500
001 RU\NLR\bibl\361358
005 20260406203535.0
035 _a(NLR Aleph) 000355967
090 _a305559
_c305559
100 _a20030131d2000 |||y0rusy50 ca
101 0 _arus
102 _aRU
105 _ay |||||||||
200 1 _aАстраханское казачество: история и современность
_eБиблиогр. указ. лит.
_fАстрахан. обл. науч. б-ка им. Н.К. Крупской
_g[Сост.: Любовощина Д.Р.]
210 _aАстрахань
_cБ.и.
_d2000
215 _a[1],39 с.
_d20
320 _aИмен. указ.: с. 35-38
606 0 _aАстраханское казачество
_jБиблиография
_xИстория
_92273987
_3RU\NLR\auth\661362834
686 _aТ3(2)0-294я1
702 1 _aЛюбовощина
_bД. Р.
_4220
712 0 2 _4570
_aАстраханская областная научная библиотека им. Н. К. Крупской
_9423774
_3RU\NLR\AUTH\889963764
801 0 _aRU
_bNLR
_c20030131
_gPSBO
801 1 _aRU
_bNLR
_c20030131
942 _cBOOK
980 _aNB